| 000 | 01050nam0a2200325 4500 | ||
|---|---|---|---|
| 001 | RU\NLR\BIBL_A\012329573 | ||
| 005 | 20230321101131.0 | ||
| 010 |
_a978-5-9666-0238-3 _960 |
||
| 021 |
_aRU _bКН-П-20-026160 _9КН-П-20-2022 |
||
| 035 | _a(NLR Aleph) 012329573 | ||
| 035 | _a(RuMoRGB)010328960 | ||
| 090 |
_a11465816 _c11465816 |
||
| 100 | _a20200910d2020 u y0rusy50 ca | ||
| 101 | 0 | _arus | |
| 102 | _aRU | ||
| 105 | _ac|||z|||000 y | ||
| 181 | 0 |
_ai _baxxe |
|
| 182 | 0 | _an | |
| 200 | 1 |
_aУчеба длиной в жизнь _e[сборник] _fДмитрий Бордо |
|
| 203 |
_aТекст _bвизуальный _cнепосредственный |
||
| 210 |
_aВолгоград _cПанорама _d2020 |
||
| 215 |
_a223 с. _cпортр. _d21 |
||
| 686 | 2 | _aШ6(2=Р)8я44 | |
| 700 | 1 |
_7ca _8rus _aБордо _bД. _gДмитрий _9253900 _3RU\NLR\AUTH\770253956 |
|
| 942 | _cBOOK | ||
| 980 | _aNBR | ||
| 980 | _aNB | ||